00558 2200205 4500001002100000005001700021008004100038020001800079035002400097040001500121090001400136100002200150245004800172260002800220300002500248650002000273700003100293850001200324990001600336YOGYA-021100000034282011020810042897 ind  a979-553-123-9 0010-021100000003428 aYOPDYOG[B] a813 Mah R aMAHAYANA, Maman S aRingkasan dan ulasan Novel Indonesia modern aJakartabGrasindoc1992 aXII, 307 hlm.; 24 cm aFiksi Indonesia aSofyan, Oyan ; Dian Akhmad aYOPDYOG a3126-P/2000